BIBLIOTECA

SENCICO

El sindicalismo en el milenio de la globalización (Registro nro. 162)

Detalles MARC
000 -LEADER
fixed length control field 00577nam a2200253Ia 4500
005 - DATE AND TIME OF LATEST TRANSACTION
control field 20251020182428.0
008 - FIXED-LENGTH DATA ELEMENTS--GENERAL INFORMATION
fixed length control field 200515s9999 xx 000 0 und d
020 ## - INTERNATIONAL STANDARD BOOK NUMBER
International Standard Book Number 92-2-312573-1
082 ## - DEWEY DECIMAL CLASSIFICATION NUMBER
Classification number 301.187/H44
100 ## - MAIN ENTRY--PERSONAL NAME
Personal name Herrera, Beethoven
245 #0 - TITLE STATEMENT
Title El sindicalismo en el milenio de la globalización
250 ## - EDITION STATEMENT
Edition statement 1a ed.
260 ## - PUBLICATION, DISTRIBUTION, ETC.
Place of publication, distribution, etc. Lima
260 ## - PUBLICATION, DISTRIBUTION, ETC.
Name of publisher, distributor, etc. AECI
260 ## - PUBLICATION, DISTRIBUTION, ETC.
Date of publication, distribution, etc. 2001
300 ## - PHYSICAL DESCRIPTION
Extent 205
300 ## - PHYSICAL DESCRIPTION
Other physical details tbl., graf.
500 ## - GENERAL NOTE
General note 2 ejemplares
650 ## - SUBJECT ADDED ENTRY--TOPICAL TERM
Topical term or geographic name entry element GLOBALIZACION
650 ## - SUBJECT ADDED ENTRY--TOPICAL TERM
Topical term or geographic name entry element SINDICATOS
942 ## - ADDED ENTRY ELEMENTS (KOHA)
Koha item type Libros
Existencias
Fecha de la última vez que lo usaron Pago total Signatura topográfica completa Código de barras Precio efectivo desde Tipo de documento Estado perdido Sistema de clasificación Estado dañado No es para préstamo Retirado Ubicación permanente Ubicación actual Fecha de adquisición Número de ejemplar
15/05/2020   301.187/H44 Bib-Lima15050162 15/05/2020 Libros   Dewey Decimal Classification     Retirado Biblioteca Central Lima Biblioteca Central Lima 15/05/2020  
15/05/2020   301.187/H44 Bib-Lima16050162 15/05/2020 Libros           Biblioteca Central Lima Biblioteca Central Lima 15/05/2020 Ej.2